|
|
|
|
| LEADER |
00000nab a2200000 4500 |
| 001 |
vtls011999749 |
| 003 |
SK-MaSNL |
| 005 |
20260303095601.0 |
| 008 |
201026|20201026xo |||| || ||00 0|slo |
| 015 |
|
|
|a SNBRB2020/10
|
| 040 |
|
|
|a DSZK
|b slo
|c DSZK
|e rda
|
| 041 |
0 |
|
|a slo
|
| 043 |
|
|
|a e-xo---
|
| 044 |
|
|
|a xo
|c SK
|
| 072 |
|
7 |
|a 796
|x Šport. Hry. Telesné cvičenia
|2 konspekt
|
| 080 |
|
|
|a 796.332.093.42
|x (437.6)
|2 2011
|
| 100 |
1 |
|
|a Hašan, Miroslav,
|d 1950-
|4 aut
|9 838412
|
| 245 |
1 |
0 |
|a Storcka prekvapila zostava Slovana i koučovanie súpera-
|c Miroslav Hašan
|
| 300 |
|
|
|b Fotografie
|
| 336 |
|
|
|a text
|b txt
|2 rdacontent
|
| 337 |
|
|
|a bez média
|b n
|2 rdamedia
|
| 338 |
|
|
|a zväzok
|b nc
|2 rdacarrier
|
| 610 |
2 |
7 |
|a FK DAC 1904 Dunajská Streda
|2 SNKKAbucl
|9 117991
|
| 610 |
2 |
7 |
|a ŠK Slovan Bratislava (Slovensko : futbalový klub)
|2 SNKKA
|9 176904
|
| 650 |
0 |
7 |
|a futbalové zápasy
|2 SNKPH
|9 71116
|
| 650 |
0 |
7 |
|a Fortuna liga
|y sezóna 2020/2021
|2 dszk
|9 1109065
|
| 651 |
|
7 |
|a Dunajská Streda (Slovensko)
|2 SNKPHgeo
|9 17375
|
| 773 |
0 |
|
|t Šport
|g Roč. 74, č. 248 (26.10.2020), s. 2
|x 0139-7001
|
| 958 |
|
|
|a SK
|
| 958 |
|
|
|a RG
|
| 999 |
|
|
|c 1825721
|d 1827651
|